Ciudades seguras : etonografía de la cultura del delito : estudio sobre la percepción de la inseguridad social en el estado de Querétaro /

Investigación sobre los constitutivos del imaginario colectivo construido por los habitantes del estado de Querétaro respecto de la inseguridad pública en la entidad.

Uloženo v:
Podrobná bibliografie
Hlavní autor: Romero Vázquez, Bernardo (coord.)
Médium: Kniha
Jazyk:španělština
Vydáno: México : Querétaro, México : CONACYT, Sistema de Investigación Miguel Hidalgo ; Universidad Autónoma de Querétaro, 2004, c2004
Témata:
Tagy: Přidat tag
Žádné tagy, Buďte první, kdo vytvoří štítek k tomuto záznamu!

MARC

LEADER 00000nam^a2200000^a^4500
001 000194670
005 20250521000000.0
009 20260310102725.501
020 |a 968-845-263-7 
037 |a Acervo ITESO - Biblioteca 
041 |a ESP 
082 |a 364. 2097245  |b ROM 
100 |a Romero Vázquez, Bernardo  |e (coord.) 
245 1 0 |a Ciudades seguras :  |b etonografía de la cultura del delito : estudio sobre la percepción de la inseguridad social en el estado de Querétaro /  |c Coord. de B. Romero Vázquez. 
264 4 |a México :  |b CONACYT, Sistema de Investigación Miguel Hidalgo ;  |a Querétaro, México :  |b Universidad Autónoma de Querétaro,  |c 2004, c2004 
300 |a 63 p. 
336 |a texto  |b txt  |2 rdacontenido 
337 |a sin mediación  |b n  |2 rdamedio 
338 |a volumen  |b nc  |2 rdasoporte 
520 |a Investigación sobre los constitutivos del imaginario colectivo construido por los habitantes del estado de Querétaro respecto de la inseguridad pública en la entidad. 
649 |a XX 
650 |a Delitos -  |z Querétaro -  |x Aspectos Sociales y Culturales 
650 |a Delitos -  |z México -  |x Aspectos Sociales y Culturales 
650 |a Seguridad Pública -  |z Querétaro -  |x Tema Principal 
650 |a Seguridad Pública -  |z México 
650 |a Percepción Social -  |z Querétaro -  |x Tema Principal 
650 |a Percepción Social -  |z México 
650 |a Imaginario Social -  |z Querétaro 
650 |a Imaginario Social -  |z México 
650 |a Antropología Criminal 
650 |a Antropología Cultural 
650 |a Criminología 
910 |a Fondo General 
920 |a Impresos - Libros 
930 |a Colección General 
905 |a 101 
901 |a 0500139826  |b IT1  |c ACC  |u 20250521 
902 |a https://opac.biblio.iteso.mx/vufind/Record/000194670